000 00400nam a22001337a 4500
999 _c17714
_d17714
008 190531b xxu||||| |||| 00| 0 eng d
020 _a9966083146
050 _aHN49
_b.C6M845 2008 c.1
100 _aMulwa, Francis
245 _aParticipatory Monitoring and Evaluation of Community Projects
_cFrancis Mulwa
260 _aNairobi
_bpaulines Publications
_c2008
300 _a296p.
942 _2lcc
_cBK